| 000 | 01396cam a22001934a 4500 | ||
|---|---|---|---|
| 005 | 20250605164211.0 | ||
| 008 | 250528s ||||||||||||||||||||||||d | ||
| 035 | _a20282 | ||
| 020 | _a813805457 | ||
| 040 |
_aGR-AtMCL _bgre _dGR-AtMCL _eAACR2 |
||
| 245 | 1 | _aFly The Wing | |
| 260 |
_bThe Iowa State University Press/ Ames, _c1971 |
||
| 300 | _a228 | ||
| 520 | _aBe your own greatest critic. Accept each fight as a challenge says the author of this book. Discussing rules of thumb and proven techniques of all flight operations - helps prepare the professional pilot to meet the exacting flight requirements for the ATR ratings. Introduction, Ground School and Study Habits, Basic Aerodynamics, High-Speed Aerodynamics, High-Altitude Machs, Approach Speed Control and Target Landings, Preparation for Flight Training, Basic Instrument Scan, Takeoffs, Rejected Takeoffs, Climb and Cruise and Descent, Steep Turns, Stalls, Unusual Attitudes, Maneuvers at Minimum Speed, Landings: Approach Technique and Performance, Ils Approaches, Missed Approaches and Rejected Landings, Category II Approaches, Automatic Direction Finder (ADF) and Circling Approaches, Holding, Radio Failure, The Oral, The Flight Check, Weight and Balance, Flight Planning, Icing, Use of Anti-Ice and Deice, Winter Operation, Index. | ||
| 700 | 1 |
_aWebb Jim _96286 |
|
| 942 | _cBK | ||
| 999 |
_c5406 _d5406 |
||